El seductor / (Record no. 189355)

MARC details
000 -LEADER
campo de control de longitud fija 00613nam a2200217 i 4500
001 - NÚMERO DE CONTROL
campo de control 189355
003 - IDENTIFICADOR DE NÚMERO DE CONTROL
campo de control SpMaBN
005 - FECHA Y HORA DE LA ÚLTIMA TRANSACCIÓN
campo de control 20240523063055.0
008 - DATOS DE LONGITUD FIJA--INFORMACIÓN GENERAL
campo de control de longitud fija 190524s1980 sp |||| | spa d
020 ## - NÚMERO INTERNACIONAL ESTÁNDAR DEL LIBRO
Número Internacional Estándar del Libro 84-01-43612-5
080 ## - NÚMERO DE LA CLASIFICACIÓN DECIMAL UNIVERSAL
Número de la Clasificación Decimal Universal 860-31"19"
100 1# - ENTRADA PRINCIPAL--NOMBRE DE PERSONA
Nombre de persona Zamacois, Eduardo,
Fechas asociadas al nombre 1873-1971
9 (RLIN) 117882
245 13 - MENCIÓN DEL TÍTULO
Título El seductor /
Mención de responsabilidad, etc. Eduardo Zamacois.
250 ## - MENCION DE EDICION
Mención de edición 1ª ed.
260 ## - PUBLICACIÓN, DISTRIBUCIÓN, ETC.
Lugar de publicación, distribución, etc. Esplugas de Llobregat (Barcelona) :
Nombre del editor, distribuidor, etc. G.P.,
Fecha de publicación, distribución, etc. 1980.
300 ## - DESCRIPCIÓN FÍSICA
Extensión 255 p. ;
Dimensiones 18 cm.
490 1# - MENCIÓN DE SERIE
Mención de serie Reno ;
Designación de volumen o secuencia 612
830 0# - PUNTO DE ACCESO ADICIONAL DE SERIE-TÍTULO UNIFORME
Título uniforme Reno ;
Designación de volumen o secuencia 612
9 (RLIN) 225816
852 ## - LOCALIZACIÓN
Ubicación ES-MaACL
Número de control de estantería L-32354
Holdings
Estatus retirado Estado de pérdida Estado de daño No para préstamo Biblioteca de origen Biblioteca actual Ubicación en estantería Fecha de adquisición Fuente de adquisición Total de préstamos Signatura topográfica completa Código de barras Visto por última vez Precio de reemplazo Tipo de ítem Koha
        Biblioteca del Ateneo de Madrid Biblioteca del Ateneo de Madrid Depósito 2 24/05/2019     L-32354 1200623 23/02/2023 23/02/2023 Libro impreso